| 000 | 00962nam a22003137a 4500 | ||
|---|---|---|---|
| 001 | BR2011003254 | ||
| 003 | BR-BrBNA | ||
| 005 | 20230928103642.0 | ||
| 007 | ta | ||
| 008 | 230509b bl.||||| |||| 00| 0 por d | ||
| 040 |
_aBR-BrBNA _bpor _cBiblioteca Nacional de Agricultura |
||
| 041 | _a(Por) | ||
| 072 |
_aF04 _b1950 _b1930 |
||
| 090 | _ 1950 BR2011003254 | ||
| 100 | 1 | _aGuimarães, A.K.V. | |
| 110 | 1 |
_aUniversidade Federal de Lavras, MG (Brasil) _0Tese (Doutorado) |
|
| 245 | 1 | _aCaracterísticas produtivas e anátomo-qualitativas de três forrageiras em resposta a fósforo e idade | |
| 260 | 3 |
_aLavras, MG (Brasil): _c2010. |
|
| 300 | _a147 p. | ||
| 500 | _aSummaries (Eng, Por); Several bibliography; 23 tables; 59 illus. | ||
| 650 | _aCALOPOGONIO | ||
| 650 | _aCAPIM BRACHIARIA | ||
| 650 | _aKUDZU | ||
| 650 | _aFÓSFORO | ||
| 650 | _aADUBAÇÃO | ||
| 650 | _aDIGESTIBILIDADE | ||
| 909 |
_a202309 _bLucia _c55 _dLucia Elande |
||
| 942 | _cBK | ||
| 999 |
_c75975 _d75975 |
||